000
00302nam a22001097a 4500
008
230621b xxu||||| |||| 00| 0 eng d
082
_a
328.03
_b
CPA 1987
245
_a
Report of the Commonwealth Parliamentary Association
260
_a
Zimbabwe
_b
Parliament of Zimbabwe
300
_a
26p
942
_2
ddc
_c
BK
999
_c
2072
_d
2072